| 000 | 01120cad a22002295a 4500 | ||
|---|---|---|---|
| 001 | L159721 | ||
| 008 | 140821s2016 xxk f 000 0 eng d | ||
| 035 | _a(Sirsi) u159721 | ||
| 041 | 0 | _aeng | |
| 110 | 2 |
_aRoyal Institution of Chartered Surveyors _94900 |
|
| 245 | 0 | 0 |
_aAnnual review and renumeration report 2015-16 _bShaping the world we live in _h[electronic resouce] |
| 260 |
_aLondon _bRICS _c2016 |
||
| 490 | 0 | _aRICS Annual Report | |
| 520 | _aProvides an overall picture of the performance of our professional body from standards development and thought leadership, to our work to gain adoption of our standards and how they are being enforced. | ||
| 590 | _aKA | ||
| 650 | 2 | 4 | _aRICS ANNUAL REVIEW AND FINANCIAL STATEMENTS |
| 651 | 4 | _aInternational | |
| 690 | _aBusiness and management | ||
| 856 | 4 | 0 |
_uhttps://www.rics.org/Global/RICS%20Annual_Regulatory_Review_15_16_130317_jf.pdf _zView the Annual review at www.rics.org |
| 856 | 4 | 0 |
_uhttps://www.rics.org/Global/RICS_Remuneration_Report%202016_250117_jf.pdf/ _zView the Renumeration report 2016 (members-only content) at www.rics.org |
| 942 |
_n0 _2ddc |
||
| 999 |
_c116099 _d116099 |
||